000 00860nam a2200205 a 4500
001 000039218
005 20201002031540.0
008 130611s2003 sp 000 0 spa d
020 _a8400081218
040 _aDO-SdBNP
_bspa
_cBNPHU
100 1 _aGonzález Salinero, Raúl
_965416
245 1 0 _aBiblia y polémica antijudía en Jerónimo /
_cRaúl González Salinero.
260 _aMadrid :
_bConsejo Superior de Investigaciones Científicas :
_bInstituto de Filología del CSIC,
_c2003.
300 _a294 p. ;
_c24 cm.
490 1 _aTextos y estudios Cardenal Cisneros de la biblia políglota matritense
_v70
500 _aIncluye referencias bibliográficas y notas al pie de las págianas
504 _aBibliografía : p. 229-262
500 _aIncluye índice
830 0 _aTextos y estudios Cardenal Cisneros de la biblia políglota matritense
_n70
_965417
999 _c38708
_d38708